000 00783cam a22002653a 4500
001 2900
003 PGUSA
005 20140828083023.0
008 011101s2001||||xxu|||||s|||||000 | eng d
040 _aPGUSA
_beng
042 _adc
050 4 _aT
050 4 _aE151
100 1 _aThompson, Holland,
_d1873-1940
245 1 4 _aThe Age of Invention :
_bA Chronicle of Mechanical Conquest
_h[electronic resource] /
_cHolland Thompson
260 _bProject Gutenberg,
_c2001
500 _aChronicles of America series; v. 37
506 _aPublic domain in the USA.
516 _aElectronic text
653 _aInventions -- History
653 _aInventors -- United States
830 0 _aProject Gutenberg
_v2900
856 4 0 _uhttp://www.gutenberg.org/ebooks/2900
942 _cEB
999 _c232230
_d232230